| 000 | 00408 a2200169 4500 | ||
|---|---|---|---|
| 001 | 73335 | ||
| 020 | _a8532245846 | ||
| 040 | _cAnchieta - Colégio São Paulo | ||
| 100 | _aKupstas, Marcia | ||
| 240 | 1 | 0 |
_a9 cois@as e-mail que eu odeio em você _lpor |
| 245 | 1 | 0 | _a9 cois@as e-mail que eu odeio em você |
| 300 | _a48 | ||
| 362 | 0 | _a2001 | |
| 440 | 1 | _aFTD | |
| 650 | 4 | _aLiteratura juvenil | |
| 942 | _cBK | ||
| 999 |
_c73335 _d73335 |
||